Jednoročné skúsenosti z bankrotov v Maďarsku. 1.

Uskutočňovanie bankrotov ako nástrojov na riešenie vážnych finančných situácií a efektívneho fungovania trhového hospodárstva. Pôsobenie zákona o bankrote v podmienkach prechodu na trhové hospodárstvo v Maďarsku. Stručná charakteristika maďarského zákona o konkurznom a likvidačnom konaní a konečnom...

Descrizione completa

Salvato in:
Dettagli Bibliografici
Autore principale: Kálal, K.
Natura: Capitolo di libro
Lingua:slovacco
Soggetti:
Tags: Aggiungi Tag
Nessun Tag, puoi essere il primo ad aggiungerne!!

MARC

LEADER 00000naa a2200000 4500
001 r013454
005 20221213082648.5
041 0 |a slo 
044 |a CZ 
245 1 0 |a Jednoročné skúsenosti z bankrotov v Maďarsku. 1.  |c K. Kálal 
520 |a Uskutočňovanie bankrotov ako nástrojov na riešenie vážnych finančných situácií a efektívneho fungovania trhového hospodárstva. Pôsobenie zákona o bankrote v podmienkach prechodu na trhové hospodárstvo v Maďarsku. Stručná charakteristika maďarského zákona o konkurznom a likvidačnom konaní a konečnom vyúčtovaní. 
610 2 0 |a bankrot 
610 2 0 |a MR 
610 2 0 |a zákony 
610 2 0 |a 1992 
610 2 0 |a konkurzy 
610 2 0 |a likvidácia podniku 
100 1 |a Kálal, K.